|
|
|
|
| LEADER |
00000nam0a2200000 4500 |
| 001 |
366082 |
| 005 |
20231102011840.0 |
| 035 |
|
|
|a (RuTPU)RU\TPU\retro\23445
|
| 090 |
|
|
|a 366082
|
| 100 |
|
|
|a 20220128d1979 km y0rusy50 ca
|
| 101 |
0 |
|
|a rus
|
| 102 |
|
|
|a TJ
|
| 105 |
|
|
|a a z 001zy
|
| 200 |
1 |
|
|a Лабораторные методы инженерно-геологического изучения тектонитов
|f А. Б. Марков
|g Академия наук Таджикской ССР, Институт геологии
|
| 210 |
|
|
|a Душанбе
|c Дониш
|d 1979
|
| 215 |
|
|
|a 68 с.
|c ил.
|
| 320 |
|
|
|a Библиогр.: с. 62-66
|
| 606 |
1 |
|
|a Горные породы
|x Испытание
|x Инженерная геология
|2 stltpush
|3 (RuTPU)RU\TPU\subj\7981
|9 35484
|
| 610 |
1 |
|
|a тектониты
|
| 610 |
1 |
|
|a гранулометрический анализ
|
| 610 |
1 |
|
|a глинистые минералы
|
| 610 |
1 |
|
|a диагностика
|
| 610 |
1 |
|
|a инженерно-геологическое изучение
|
| 610 |
1 |
|
|a лабораторные методы
|
| 675 |
|
|
|a 624.131.37
|v 4
|
| 700 |
|
1 |
|a Марков
|b А. Б.
|g Альберт Борисович
|
| 712 |
0 |
2 |
|a Академия наук Таджикской ССР
|b Институт геологии
|c (Душанбе)
|2 stltpush
|3 (RuTPU)RU\TPU\col\16691
|9 26424
|
| 801 |
|
1 |
|a RU
|b 63413507
|c 20220128
|
| 942 |
|
|
|c BK
|